<?xml version="1.0" encoding="UTF-8"?>
<record
    xmlns:xsi="http://www.w3.org/2001/XMLSchema-instance"
    xsi:schemaLocation="http://www.loc.gov/MARC21/slim http://www.loc.gov/standards/marcxml/schema/MARC21slim.xsd"
    xmlns="http://www.loc.gov/MARC21/slim">

  <leader>00624    a2200253   4500</leader>
  <controlfield tag="001">110851</controlfield>
  <datafield tag="020" ind1=" " ind2=" ">
    <subfield code="a">9781598451559</subfield>
  </datafield>
  <datafield tag="041" ind1=" " ind2=" ">
    <subfield code="a">eng</subfield>
  </datafield>
  <datafield tag="082" ind1=" " ind2=" ">
    <subfield code="a">999999</subfield>
  </datafield>
  <datafield tag="092" ind1=" " ind2=" ">
    <subfield code="a">2010018424</subfield>
  </datafield>
  <datafield tag="100" ind1=" " ind2=" ">
    <subfield code="a">Dilkes, D. H.</subfield>
  </datafield>
  <datafield tag="300" ind1=" " ind2=" ">
    <subfield code="a">23 p.</subfield>
  </datafield>
  <datafield tag="490" ind1=" " ind2=" ">
    <subfield code="a">Dilkes, D. H. All about shapes</subfield>
  </datafield>
  <datafield tag="697" ind1=" " ind2=" ">
    <subfield code="a">Readers (Elementary)</subfield>
  </datafield>
  <datafield tag="697" ind1=" " ind2=" ">
    <subfield code="a">Shape.</subfield>
  </datafield>
  <datafield tag="697" ind1=" " ind2=" ">
    <subfield code="a">Triangle.</subfield>
  </datafield>
  <datafield tag="830" ind1=" " ind2=" ">
    <subfield code="a">Dilkes, D. H. All about shapes</subfield>
  </datafield>
  <datafield tag="856" ind1=" " ind2=" ">
    <subfield code="u">00001b/00001b9e.jpg</subfield>
  </datafield>
  <datafield tag="040" ind1=" " ind2=" ">
    <subfield code="a">BR-BrIDEA</subfield>
    <subfield code="c">BR-BrIDEA</subfield>
  </datafield>
  <datafield tag="090" ind1=" " ind2=" ">
    <subfield code="a">AP Nursery 516</subfield>
    <subfield code="b">DL</subfield>
  </datafield>
  <datafield tag="245" ind1="1" ind2="0">
    <subfield code="a">I see triangles</subfield>
    <subfield code="c"> D. H Dilkes</subfield>
  </datafield>
  <datafield tag="260" ind1=" " ind2=" ">
    <subfield code="a">[s.l.]</subfield>
    <subfield code="b">Bailey Books</subfield>
    <subfield code="c">2011</subfield>
  </datafield>
  <datafield tag="942" ind1=" " ind2=" ">
    <subfield code="c">BK</subfield>
  </datafield>
  <datafield tag="952" ind1=" " ind2=" ">
    <subfield code="0">0</subfield>
    <subfield code="1">0</subfield>
    <subfield code="2">ddc</subfield>
    <subfield code="4">0</subfield>
    <subfield code="7">0</subfield>
    <subfield code="a">12.28</subfield>
    <subfield code="b">12.28</subfield>
    <subfield code="d">2016-01-27</subfield>
    <subfield code="l">0</subfield>
    <subfield code="o">P Nursery 516</subfield>
    <subfield code="p">00022527SSW</subfield>
    <subfield code="r">2024-01-23 14:45:35</subfield>
    <subfield code="w">2024-01-23</subfield>
    <subfield code="y">BK</subfield>
  </datafield>
  <datafield tag="952" ind1=" " ind2=" ">
    <subfield code="0">0</subfield>
    <subfield code="1">0</subfield>
    <subfield code="2">ddc</subfield>
    <subfield code="4">0</subfield>
    <subfield code="7">0</subfield>
    <subfield code="a">12.28</subfield>
    <subfield code="b">12.28</subfield>
    <subfield code="d">2016-01-27</subfield>
    <subfield code="l">0</subfield>
    <subfield code="o">P Nursery 516</subfield>
    <subfield code="p">00022528SSW</subfield>
    <subfield code="r">2024-01-23 14:45:35</subfield>
    <subfield code="w">2024-01-23</subfield>
    <subfield code="y">BK</subfield>
  </datafield>
  <datafield tag="952" ind1=" " ind2=" ">
    <subfield code="0">0</subfield>
    <subfield code="1">0</subfield>
    <subfield code="2">ddc</subfield>
    <subfield code="4">0</subfield>
    <subfield code="7">0</subfield>
    <subfield code="a">12.28</subfield>
    <subfield code="b">12.28</subfield>
    <subfield code="d">2016-01-27</subfield>
    <subfield code="l">0</subfield>
    <subfield code="o">P Nursery 516</subfield>
    <subfield code="p">00022529SSW</subfield>
    <subfield code="r">2024-01-23 14:45:35</subfield>
    <subfield code="w">2024-01-23</subfield>
    <subfield code="y">BK</subfield>
  </datafield>
  <datafield tag="952" ind1=" " ind2=" ">
    <subfield code="0">0</subfield>
    <subfield code="1">0</subfield>
    <subfield code="2">ddc</subfield>
    <subfield code="4">0</subfield>
    <subfield code="7">0</subfield>
    <subfield code="a">12.27</subfield>
    <subfield code="b">12.27</subfield>
    <subfield code="d">2018-01-09</subfield>
    <subfield code="l">0</subfield>
    <subfield code="o">AP Nursery 516 DIL</subfield>
    <subfield code="p">00032200AGC</subfield>
    <subfield code="r">2024-01-23 14:45:35</subfield>
    <subfield code="w">2024-01-23</subfield>
    <subfield code="y">BK</subfield>
  </datafield>
  <datafield tag="952" ind1=" " ind2=" ">
    <subfield code="0">0</subfield>
    <subfield code="1">0</subfield>
    <subfield code="2">ddc</subfield>
    <subfield code="4">0</subfield>
    <subfield code="7">0</subfield>
    <subfield code="a">12.27</subfield>
    <subfield code="b">12.27</subfield>
    <subfield code="d">2019-02-12</subfield>
    <subfield code="l">0</subfield>
    <subfield code="o">AP Nursery 516 DIL</subfield>
    <subfield code="p">00040579AGC</subfield>
    <subfield code="r">2024-01-23 14:45:35</subfield>
    <subfield code="w">2024-01-23</subfield>
    <subfield code="y">BK</subfield>
  </datafield>
  <datafield tag="999" ind1=" " ind2=" ">
    <subfield code="c">110851</subfield>
    <subfield code="d">110851</subfield>
  </datafield>
</record>
